Loading...

Mathematical analysis /

Bibliografiske detaljer
Hovedforfatter: Malik, S. C.
Andre forfattere: Arora, Savita
Format: Printed Book
Sprog:English
Udgivet: New Delhi : New Age, c1992.
Udgivelse:2nd ed.
Fag:
LEADER 01132pam a2200265 a 4500
008 920407s1992 nyua b 001 0 eng
010 |a  92014237  
020 |a 0470218584 
020 |a 8122403239 
082 0 0 |a 515  |2 20 
084 |2 msc  |a 26 
100 1 |a Malik, S. C. 
245 1 0 |a Mathematical analysis /  |c S.C. Malik, Savita Arora. 
250 |a 2nd ed. 
260 |a New Delhi :  |b New Age,  |c c1992. 
300 |a xii, 903 p. :  |b ill. ;  |c 25 cm. 
500 |a "First published in 1992 by Wiley Eastern Limited ... Daryaganj, New Delhi"--T.p. verso. 
504 |a Includes bibliographical references (p. [893]-896) and index. 
650 0 |a Mathematical analysis. 
700 1 |a Arora, Savita. 
906 |a 7  |b cbc  |c orignew  |d 1  |e ocip  |f 19  |g y-gencatlg 
942 |c BK 
955 |a pc05 to bd00 04-07-92; bd97 ref. to SALS 04-08-92; retd. to bd97 04-09-92; bd97/bd01 to SCD 04-09-92; fg04 04-10-92; fn24 04-15-92; bk recd jd00 12-01-92; CIP ver. jd99 12-02-92; 
999 |c 130152  |d 130152 
952 |0 0  |1 0  |4 0  |6 26_000000000000000_MAL  |7 0  |9 143582  |a MAT  |b MAT  |c ST1  |d 2011-07-27  |i G495  |l 6  |m 2  |o 26 MAL  |p MATG495  |r 2019-01-01  |s 2018-10-03  |w 2018-08-20  |y BK